| 000 | 00411nam a2200145Ia 4500 | ||
|---|---|---|---|
| 008 | 231129s1997||||xx |||||||||||||| ||spa|| | ||
| 020 | _a958-95765-0-8 | ||
| 040 | _bspa | ||
| 082 | _a370.9861 C118h | ||
| 100 | _aCacua Prada Antonio | ||
| 245 | 0 | _aHistoria de la educación en Colombia | |
| 260 | _c1997 | ||
| 264 | _aAcademia Colombiana de Historia | ||
| 942 |
_2ddc _cBKS |
||
| 999 |
_c15107 _d15107 |
||